Historia de la guerra del mundo / (Record no. 144048)

MARC details
000 -LEADER
campo de control de longitud fija 00612nam a2200169 4500
001 - NÚMERO DE CONTROL
campo de control 144048
003 - IDENTIFICADOR DE NÚMERO DE CONTROL
campo de control ES-MaACL
007 - CAMPO FIJO DE DESCRIPCIÓN FÍSICA--INFORMACIÓN GENERAL
campo de control de longitud fija t|
008 - DATOS DE LONGITUD FIJA--INFORMACIÓN GENERAL
campo de control de longitud fija 070214q1920 xxk r ||||1| spa d
100 1# - ENTRADA PRINCIPAL--NOMBRE DE PERSONA
Nombre de persona Simonds, Frank H.
9 (RLIN) 106560
245 10 - MENCIÓN DEL TÍTULO
Título Historia de la guerra del mundo /
Mención de responsabilidad, etc. Frank H. Simonds ; traducción de Carmen Torres Calderón de Pinillos y Miguel de Zárraga.
260 ## - PUBLICACIÓN, DISTRIBUCIÓN, ETC.
Lugar de publicación, distribución, etc. Londres ;
-- Madrid ;
-- Buenos Aires :
Nombre del editor, distribuidor, etc. W. M. Jackson,
Fecha de publicación, distribución, etc. [1920?]
300 ## - DESCRIPCIÓN FÍSICA
Extensión 5 v. ;
Dimensiones 26 x 18 cm.
700 1# - ENTRADA AGREGADA--NOMBRE PERSONAL
Nombre de persona Torres Calderón de Pinillos, Carmen.
9 (RLIN) 110932
700 1# - ENTRADA AGREGADA--NOMBRE PERSONAL
Nombre de persona Zárraga, Miguel de.
9 (RLIN) 118083
852 ## - LOCALIZACIÓN
Ubicación ES-MaACL
Número de control de estantería C-811-815
Holdings
Estatus retirado Estado de pérdida Estado de daño No para préstamo Biblioteca de origen Biblioteca actual Ubicación en estantería Fecha de adquisición Fuente de adquisición Total de préstamos Signatura topográfica completa Código de barras Visto por última vez Precio de reemplazo Tipo de ítem Koha
        Biblioteca del Ateneo de Madrid Biblioteca del Ateneo de Madrid Sala Palomar 17/01/2008     C-811-815 1149872 23/02/2023 23/02/2023 Libro impreso